Israel economic development; (Record no. 33791)
[ view plain ]
| 000 -LEADER | |
|---|---|
| fixed length control field | 00699cam a2200217 4500 |
| 001 - CONTROL NUMBER | |
| control field | he 68003101 |
| 003 - CONTROL NUMBER IDENTIFIER | |
| control field | DLC |
| 005 - DATE AND TIME OF LATEST TRANSACTION | |
| control field | 20260227111504.0 |
| 008 - FIXED-LENGTH DATA ELEMENTS--GENERAL INFORMATION | |
| fixed length control field | 691021s1968 is b 00010 eng |
| 010 ## - LIBRARY OF CONGRESS CONTROL NUMBER | |
| LC control number | he 68003101 //r85 |
| 025 ## - OVERSEAS ACQUISITION NUMBER | |
| Overseas acquisition number | Pl480:Is-8638 |
| 041 1# - LANGUAGE CODE | |
| Language code of text/sound track or separate title | engheb |
| 050 0# - LIBRARY OF CONGRESS CALL NUMBER | |
| Classification number | HC497.P2 |
| Item number | A51615 |
| 082 ## - DEWEY DECIMAL CLASSIFICATION NUMBER | |
| Classification number | 338.95694 |
| 110 10 - MAIN ENTRY--CORPORATE NAME | |
| Corporate name or jurisdiction name as entry element | Israel. |
| Subordinate unit | Rashut le-tikhnun kalkali. |
| 245 10 - TITLE STATEMENT | |
| Title | Israel economic development; |
| Remainder of title | past progress and plan for the future. Final draft. |
| Statement of responsibility, etc. | [Translated from the Hebrew] |
| 260 0# - PUBLICATION, DISTRIBUTION, ETC. | |
| Place of publication, distribution, etc. | Jerusalem, |
| Name of publisher, distributor, etc. | Prime Minister's Office, Economic Planning Authority, |
| Date of publication, distribution, etc. | 1968. |
| 300 ## - PHYSICAL DESCRIPTION | |
| Extent | 551 p. |
| Other physical details | col. maps. |
| Dimensions | 24 cm. |
| 350 ## - PRICE (NR) (BK AM CF MU VM SE) [OBSOLETE] | |
| Price | 22.00 |
| 651 #0 - SUBJECT ADDED ENTRY--GEOGRAPHIC NAME | |
| Geographic name | Israel |
| General subdivision | Economic policy. |
No items available.